000 00911nam a2200253Ia 4500
003 OSt
005 20220930090710.0
006 a|||||r|||| 00| 0
007 ta
008 220926b |||||||| |||| 00| 0 eng d
024 _a118920
037 _cTheses
040 _aCRL
_cCRL
_beng
041 _2eng
_aeng
100 _aDas Dulumoni
_9543292
110 _aUniversity of Delhi. Faculty of Mathematicsl Sciences. Department of Statistics
245 0 _aOn the estimation of HIV mortality rate and survival function of HIV/AIDS patients under various conditions using parametric nonparametric and semi-parametric techniques
260 _c2010
650 _aPROBABILITIES
700 _a Dr. Gurprit Grover Gu.
_9536396
700 _aUniversity of Delhi. Faculty of Mathematicsl Sciences. Department of Statistics
942 _cDIS
_2CC
999 _c880990
_d880990